Skip to main content
Your cart is empty.
Your lists
Log in to create your own lists
Your cookies
العربية
English
العربية
Home
Search
Advanced search
Authority search
About
The noble scholar, jurist, historian
His Excellency Dr. Abdul Wahhab bin Ibrahim Abu Sulaiman, may Allah have mercy on him.
He was born in Umm Al-Qura in the year 1356 AH.
Library catalog
Title
Author
Subject
ISBN
ISSN
Series
Call number
Log in to your account
×
Login:
Password:
Home
MARC view: كتاب أحكام السوق /
Normal view
MARC view
ISBD view
كتاب أحكام السوق / (Record no. 12571)
[
view plain
]
MARC details
000 -LEADER
fixed length control field
03046cam a2200373 i 4500
003 - CONTROL NUMBER IDENTIFIER
control field
SA-RiAUC
005 - DATE AND TIME OF LATEST TRANSACTION
control field
20251015081344.0
008 - FIXED-LENGTH DATA ELEMENTS--GENERAL INFORMATION
fixed length control field
251008s2004 ua g 000 0 ara c
020 ## - INTERNATIONAL STANDARD BOOK NUMBER
International Standard Book Number
9773411311
024 0# - OTHER STANDARD IDENTIFIER
Standard number or code
00000000983986
040 ## - CATALOGING SOURCE
Original cataloging agency
AE-DuMBRL
Language of cataloging
ara
Transcribing agency
SA-RiAUC
Description conventions
rda
050 #4 - LIBRARY OF CONGRESS CALL NUMBER
Item number
.K56 2004
050 #4 - LIBRARY OF CONGRESS CALL NUMBER
Item number
.K55
082 04 - DEWEY DECIMAL CLASSIFICATION NUMBER
Classification number
253.2
Assigning agency
SA-RiAUC
090 ## - LOCALLY ASSIGNED LC-TYPE CALL NUMBER (OCLC); LOCAL CALL NUMBER (RLIN)
Classification number (OCLC) (R) ; Classification number, CALL (RLIN) (NR)
253.2
Local cutter number (OCLC) ; Book number/undivided call number, CALL (RLIN)
ك ن ا
100 1# - MAIN ENTRY--PERSONAL NAME
Personal name
الكناني، يحيى بن عمر بن يوسف،
Dates associated with a name
828-901
Relator term
مؤلف.
245 10 - TITLE STATEMENT
Title
كتاب أحكام السوق /
Statement of responsibility, etc.
يحيى بن عمر الأندلسي ؛ قدم له وحققه الدكتور محمود علي مكي.
246 30 - VARYING FORM OF TITLE
Title proper/short title
أحكام السوق
250 ## - EDITION STATEMENT
Edition statement
الطبعة الأولى.
264 #1 - PRODUCTION, PUBLICATION, DISTRIBUTION, MANUFACTURE, AND COPYRIGHT NOTICE
Place of production, publication, distribution, manufacture
القاهرة :
Name of producer, publisher, distributor, manufacturer
مكتبة الثقافة الدينية،
Date of production, publication, distribution, manufacture, or copyright notice
2004.
300 ## - PHYSICAL DESCRIPTION
Extent
90 صفحة ؛
Dimensions
24 × 17 سم
336 ## - CONTENT TYPE
Content type term
نص
Content type code
txt
Source
rdacontent
Materials specified
كتاب
337 ## - MEDIA TYPE
Media type term
بدون وسيط
Media type code
n
Source
rdamedia
338 ## - CARRIER TYPE
Carrier type term
مجلد
Carrier type code
nc
Source
rdacarrier
505 0# - FORMATTED CONTENTS NOTE
Formatted contents note
المحتويات : تمهيد-كتاب احكام السوق-المؤلف يحيى بن عمر الكتاني : نشاطه العلمي ...-القضاء في الخبازين-القضاء في الجزارين-القضاء في الملاهي-في القدور المتخذة للخمر-القضاء في صاحب الحمام-في بكاء أهل الميت على الميت-الخروج إلى المقابر ...-فيمن يحفر حفيرا حول أرضه أو داره أو يحدث بابا لداره-في اليهود والنصارى يتشبهون بالمسلمين-
520 ## - SUMMARY, ETC.
Summary, etc.
يتناول كتاب (أحكام السوق) والذي قام بتأليفه يحيى بن عمر الأندلسي، موضوع (السوق) هذا الكتاب أول كتاب ألف في هذا الباب من أبواب الفقه الإسلامي، وهو يتحدث عن وجوب إشراف الدولة على ضبط حركة السوق بتعيين مراقبين، وتوحيد المكاييل والموازين، ومعاقبة المتلاعبين بتلك الأنظمة ولو بحرمانهم من الاتجار في السوق بإخراجهم منها. وهذا الكتاب مما احتفظ لنا به الونشريشي في كتابه "المعيار"، وقد رأى المؤلف استخراج هذه القطعة ونشرها مستقلة لما تبين لها من قيمتها التاريخية، ولما اشتملت عليه من أخبار قيمة تتعلق بالحياة الاجتماعية والاقتصادية في إفريقية والأندلس
650 #7 - SUBJECT ADDED ENTRY--TOPICAL TERM
Topical term or geographic name entry element
البيع (فقه إسلامي)
Source of heading or term
aucsh
650 #7 - SUBJECT ADDED ENTRY--TOPICAL TERM
Topical term or geographic name entry element
الأسواق (فقه إسلامي)
Source of heading or term
aucsh
650 #7 - SUBJECT ADDED ENTRY--TOPICAL TERM
Topical term or geographic name entry element
المعاملات (فقه إسلامي)
Source of heading or term
aucsh
700 1# - ADDED ENTRY--PERSONAL NAME
Personal name
مكي، محمود علي،
Dates associated with a name
1929-2013
Relator term
مقدم.
942 ## - ADDED ENTRY ELEMENTS (KOHA)
Source of classification or shelving scheme
Dewey Decimal Classification
Koha item type
Books
Suppress in OPAC
No
949 ## - LOCAL PROCESSING INFORMATION (OCLC)
a
SA-JeALM
d
251008
u
mohamedma123
n
1
Holdings
Withdrawn status
Lost status
Source of classification or shelving scheme
Damaged status
Not for loan
Home library
Current library
Date acquired
Total checkouts
Full call number
Barcode
Date last seen
Price effective from
Koha item type
Dewey Decimal Classification
DR AbdElwahab Library
DR AbdElwahab Library
10/15/2025
253.2 ك ن ا
000020291
10/15/2025
10/15/2025
Books
Place hold
Print
Add to your cart
(remove)
Save record
BIBTEX
Dublin Core
MARCXML
MARC (non-Unicode/MARC-8)
MARC (Unicode/UTF-8)
MARC (Unicode/UTF-8, Standard)
MODS (XML)
RIS
ISBD
More searches
Search for this title in:
Other Libraries (WorldCat)
Other Databases (Google Scholar)
Online Stores (Bookfinder.com)
Open Library (openlibrary.org)
Exporting to Dublin Core...
×
Simple DC-RDF
OAI-DC
SRW-DC